000 00729nam a2200253Ia 4500
003 OSt
005 20220925222826.0
006 a|||||r|||| 00| 0
007 ta
008 220923b |||||||| |||| 00| 0 eng d
020 _a0275968049
037 _cGeneral Book
040 _aRTL
_cRTL
_beng
041 _2eng
_aeng
082 _aU0aT, N8
100 _aDouglass Malcolm P
_9288374
245 0 _aHistory, psychology and pedagogy of geographic lit
260 _aLondon
_bPraeger Publications
_c1998
300 _axviii,190p
_ccm.
500 _aBibliography chapterwise
650 _aGeography IRT Education
_9288375
942 _hU0aT, N8
_cGB
_2CC
999 _c577924
_d577924